Complete the Book Title (Charles Dickens) - Statistics

General Stats
  • This quiz has been taken 86 times
  • The average score is 13 of 16
Answer Stats
Novel % Correct
A Christmas {Carol}
100%
Oliver {Twist}
100%
A Tale of Two {Cities}
98%
Great {Expectations}
98%
David {Copperfield}
96%
The Pickwick {Papers}
89%
Nicholas {Nickleby}
88%
The Old Curiosity {Shop}
85%
Bleak {House}
84%
Our Mutual {Friend}
80%
Hard {Times}
79%
Little {Dorrit}
69%
Martin {Chuzzlewit}
68%
The Mystery of Edwin {Drood}
68%
Dombey and {Son}
65%
Barnaby {Rudge}
59%
No matching quizzes found
Score Distribution
Percent of People with Each Score
Percentile by Number Answered
Your Score History
You have not taken this quiz